000 00219nam a22000857a 4500
008 161125b xxu||||| |||| 00| 0 eng d
100 _91429
_aCarey.P.etal.
245 _aActivities for any Literature
260 _aUSA
_bTCR
_c2003
999 _c4150
_d4150